header

Programmable logic controllers (Record no. 82536)

MARC details
000 -LEADER
fixed length control field 01428nam a2200373Ia 4500
082 04 - DEWEY DECIMAL CLASSIFICATION NUMBER
Classification number 629.895
100 1# - MAIN ENTRY--AUTHOR NAME
Personal name Bolton, W.
245 10 - TITLE STATEMENT
Title Programmable logic controllers
250 ## - EDITION STATEMENT
Edition statement 3rd ed.
260 ## - PUBLICATION, DISTRIBUTION, ETC. (IMPRINT)
Place of publication Oxford, [Eng.] ;
-- Burlingham, Mass. :
Name of publisher Newnes,
Year of publication 2006.
300 ## - PHYSICAL DESCRIPTION
Number of Pages ix, 292 p. :
Other physical details ill.
500 ## - GENERAL NOTE
General note Previous ed.: 2000.
General note Includes index.
650 #0 - SUBJECT ADDED ENTRY--TOPICAL TERM
Topical Term Logic circuits.
Topical Term Programmable logic devices.
Topical Term Programmable controllers.
Topical Term Logic circuits
Topical Term Programmable logic devices
Topical Term Programmable controllers
856 40 - ELECTRONIC LOCATION AND ACCESS
Uniform Resource Identifier http://site.ebrary.com/lib/rucke/Doc?id=10138762

No items available.

© 2026 Rongo University
Contact us: librarian | system librarian | Rongo university